Agriculture Sector Management Reform and Policy Analysis The Kenyan Case (Record no. 2909)
[ view plain ]
| 000 -LEADER | |
|---|---|
| fixed length control field | 00392nam a22001217a 4500 |
| 008 - FIXED-LENGTH DATA ELEMENTS--GENERAL INFORMATION | |
| fixed length control field | 230627b xxu||||| |||| 00| 0 eng d |
| 082 ## - DEWEY DECIMAL CLASSIFICATION NUMBER | |
| Classification number | 338.165 |
| Item number | OKE 1996 |
| 245 ## - TITLE STATEMENT | |
| Title | Agriculture Sector Management Reform and Policy Analysis The Kenyan Case |
| 260 ## - PUBLICATION, DISTRIBUTION, ETC. (IMPRINT) | |
| Name of publisher, distributor, etc. | Institute for Development Studies University of Nairobi |
| Date of publication, distribution, etc. | 1996 |
| 300 ## - PHYSICAL DESCRIPTION | |
| Extent | VI,188p |
| 440 ## - SERIES STATEMENT/ADDED ENTRY--TITLE | |
| Number of part/section of a work | 63 |
| Name of part/section of a work | Occasional Paper |
| 942 ## - ADDED ENTRY ELEMENTS (KOHA) | |
| Source of classification or shelving scheme | Dewey Decimal Classification |
| Koha item type | Books |
| Withdrawn status | Lost status | Source of classification or shelving scheme | Damaged status | Not for loan | Home library | Current library | Date acquired | Total Checkouts | Full call number | Barcode | Date last seen | Price effective from | Koha item type |
|---|---|---|---|---|---|---|---|---|---|---|---|---|---|
| Dewey Decimal Classification | County Hall Archives | County Hall Archives | 06/27/2023 | 338.165 OKE 1996 | 10013124 | 06/27/2023 | 06/27/2023 | Books |
